00386nam a22001457a 4500003000400000005001700004008004100021040000800062082001500070100001900085245006700104260003200171300001100203650002600214OSt20180912192424.0180912b ||||| |||| 00| 0 eng d cDLC a262bB877N aBrown, John P. aThe nature and calling of the church today /cBy John P.Brown. aNew Delhi :bISPCK,cc1990. a88 p.: aMission Of The Church